000 00598nam a2200193Ia 4500
003 GCL
008 140319s9999 xx 000 0 ara d
040 _aGCL /
_cGCL
082 0 4 _a212.6
_bم ح
100 1 _aمحمد الغزالى
245 1 0 _aحقوق الانسان بين تعاليم الاسلام واعلان الامم المتحدة /
_cمحمد الغزالى
260 _a[S.N] :
_bدار الدعوة ،
_c1993
300 _a266 ص
490 _a
650 0 4 _aالاسلام
650 0 4 _aحقوق الانسان
650 0 4 _aالحقوق المدنية
942 _2ddc
_cBK
999 _c34488
_d34488